Normal view MARC view
  • Afrodescendientes

Entry Materia

Number of records used in: 6

001 - NÚMERO DE CONTROL DEL REGISTRO

  • campo de control: 16206

003 - IDENTIFICADOR DE NUMERO DE CONTROL

  • campo de control: MX-MxUPN

005 - FECHA Y HORA DE LA ÚLTIMA TRANSACCIÓN

  • campo de control: 20240924124128.0

008 - DATOS DE LONGITUD FIJA

  • campo de control de longitud fija: 231011nn annnnbabn a ana |d

035 ## - NÚMERO DE CONTROL DEL SISTEMA

  • Número de control del sistema: UPN10000016214

040 ## - FUENTE DE LA CATALOGACIÓN

  • Centro catalogador de origen: MX-MxUPN
  • Lengua de catalogación: spa

150 ## - ENCABEZAMIENTO - TEMÁTICO

  • Término de materia o nombre geográfico como elemento inicial: Afrodescendientes

450 ## - VÉASE - MATERIA

  • Encabezamiento temático: Negros
  • Subcampo de control: nno

450 ## - VÉASE - MATERIA

  • Encabezamiento temático: Black people

450 ## - VÉASE - MATERIA

  • Encabezamiento temático: Gente negra

450 ## - VÉASE - MATERIA

  • Encabezamiento temático: Personas de color

670 ## - FUENTE EN LA QUE SE LOCALIZARON DATOS

  • Cita de la fuente: Tesauro de la Corte Interamericana de Derechos Humanos, 3 mayo 2024 :
  • Información localizada: (Afrodescendientes)
  • Identificador Uniforme del Recurso: https://biblioteca.corteidh.or.cr/tesauro

670 ## - FUENTE EN LA QUE SE LOCALIZARON DATOS

  • Cita de la fuente: Escamilla González, G. Lista de encabezamiento de materia, 1978 :
  • Información localizada: página (Negros)

670 ## - FUENTE EN LA QUE SE LOCALIZARON DATOS

  • Cita de la fuente: Tesauro Interamericano de Derechos Humanos, 24 septiembre 2024 :
  • Información localizada: Afrodescendientes (Pueblos de origen africano que fueron traídos como esclavos durante la colonia para sustituir la mano de obra de los pueblos indígenas exterminados en Estados Unidos y otros países del continente. Constituyen la mayoría en los países del Caribe y un porcentaje elevado de la población de Brasil, Colombia y los Estados Unidos. En Brasil y otros países de la región, el mestizaje –como vía al “emblanquecimiento”- dio origen a los llamados mulatos, los que en EEUU son asumidos como negros junto con los no mestizos. Históricamente han sido víctimas de racismos, discriminación racial y esclavitud, con la consecuente negación reiterada de sus derechos humanos, condiciones que se encuentran en la base de la marginación, la pobreza y la exclusión que expresan la profunda desigualdad social y económica en la que viven)
  • Identificador Uniforme del Recurso: https://www.corteidh.or.cr/sitios/tess/tr2745.htm

902 ## - CATALOGADOR

  • Catalogador: JMG/130301
  • Catalogador: ProcesosTécnios/RepositoriosyAccesoAbierto/030524